| 000 | 00749cam a2200253 a 4500 | ||
|---|---|---|---|
| 008 | |||
| 020 | _a9781847873668 (pbk.) | ||
| 049 | _aMAIN | ||
| 090 |
_aLB1060 _bLEA |
||
| 245 | 0 | 0 |
_aLearning and practice : _bagency and identities / _cedited by Patricia Murphy and Kathy Hall. |
| 260 |
_aLos Angeles : _bSAGE, _c2008. |
||
| 300 |
_axii, 211 p. : _bill. ; _c25 cm. |
||
| 504 | _aIncludes bibliographical references. | ||
| 500 | _aIncludes index. | ||
| 650 | 0 | _aLearning. | |
| 700 | 1 | _aMurphy, Patricia. | |
| 700 | 1 | _aHall, Kathy. | |
| 710 | 2 | _aOpen University. | |
| 907 |
_a.b10315160 _b16-07-12 _c31-05-12 |
||
| 003 | |||
| 005 | 20230123125434.0 | ||
| 040 | _cNUST | ||
| 942 |
_cBOOKS _kLB1060 _mLEA |
||
| 999 |
_c141528 _d141528 |
||